Cinco libros en mi vida
Uloženo v:
| Hlavní autor: | |
|---|---|
| Médium: | Kniha |
| Jazyk: | španělština |
| Vydáno: |
Murcia
Universidad de Murcia
2009
|
| Témata: | |
| Tagy: |
Přidat tag
Žádné tagy, Buďte první, kdo vytvoří štítek k tomuto záznamu!
|
MARC
| LEADER | 00000nam a2200000 a 4500 | ||
|---|---|---|---|
| 001 | UCG5428 | ||
| 003 | CL-VaPUC | ||
| 008 | 110303e20090000SP |||||||||||||||||spa|d | ||
| 020 | |a 9788461362431 | ||
| 082 | 0 | 4 | |a H860.9 |b POL |2 21 |
| 100 | 0 | |a Polo García, Victorino |e author |9 555155 | |
| 245 | 1 | 0 | |a Cinco libros en mi vida |
| 300 | |a 493 p | ||
| 942 | |c BK | ||
| 945 | |d 20110303 00:00:00 |a dcastane | ||
| 260 | |a Murcia |b Universidad de Murcia |c 2009 | ||
| 650 | 0 | |a Literatura hispanoamericana |9 269097 | |
| 650 | 0 | |a Estética literaria |9 314715 | |
| 650 | 0 | |a Crítica literaria |9 269189 | |
| 650 | 0 | |a Antologías |9 309836 | |
| 650 | 7 | |a HISTORIA Y CRITICA LITERARIA |2 CL-VaPUC |9 454886 | |
| 583 | |a last modification |c 20110303 00:00:00 |k Rodrigo Vera | ||
| 999 | |c 343945 |d 343943 | ||
| 952 | |0 0 |1 0 |4 0 |6 H_860_900000000000000_POL_2009 |7 0 |8 A |9 441662 |a BIBEDU |b BIBEDU |d 2019-11-22 |i 4752597 |o H860.9 POL 2009 |p 4752597 |r 2019-11-22 |w 2019-11-22 |y BK |k LIT | ||